Sleepwalker / (Record no. 22448)

000 -LEADER
fixed length control field 01028nam a22002537a 4500
005 - DATE AND TIME OF LATEST TRANSACTION
control field 20260416164543.0
008 - FIXED-LENGTH DATA ELEMENTS--GENERAL INFORMATION
fixed length control field 260415b xxu||||| |||| 00| 0 eng d
040 ## - CATALOGING SOURCE
Transcribing agency Cagayan State University
082 ## - DEWEY DECIMAL CLASSIFICATION NUMBER
Classification number 791.4372
Item number Sl632 2026
245 ## - TITLE STATEMENT
Title Sleepwalker /
Statement of responsibility, etc directed and written by Brandon Auman.
260 ## - PUBLICATION, DISTRIBUTION, ETC. (IMPRINT)
Place of publication, distribution, etc United States :
Name of publisher, distributor, etc Appian Way, Hyperborea Films, and LaSalle Productions,
Date of publication, distribution, etc 2026.
300 ## - PHYSICAL DESCRIPTION
Extent 1 videofile, (ca. 89 mins. ) :
Other physical details sound, color.
520 ## - SUMMARY, ETC.
Summary, etc A grieving mother is haunted by the tragic loss of her daughter in a car accident that left her abusive husband in a coma. Plagued by haunting visions, she grapples with the blurred lines between reality and nightmare.
546 ## - LANGUAGE NOTE
Language note In English subtitle.
650 ## - SUBJECT ADDED ENTRY--TOPICAL TERM
Topical term or geographic name as entry element Horror.
650 ## - SUBJECT ADDED ENTRY--TOPICAL TERM
Topical term or geographic name as entry element B-Horror.
650 ## - SUBJECT ADDED ENTRY--TOPICAL TERM
Topical term or geographic name as entry element Psychological Thriller.
655 ## - INDEX TERM--GENRE/FORM
Genre/form data or focus term Horror
700 ## - ADDED ENTRY--PERSONAL NAME
Personal name Brandon Auman, director and writer.
700 ## - ADDED ENTRY--PERSONAL NAME
Personal name Hayden Panettiere, star.
700 ## - ADDED ENTRY--PERSONAL NAME
Personal name Justin Chatwin, star.
Relator term
700 ## - ADDED ENTRY--PERSONAL NAME
Personal name Beverly D'Angelo, star.
942 ## - ADDED ENTRY ELEMENTS (KOHA)
Source of classification or shelving scheme
Item type Audio-Visual Materials
Holdings
Price effective from Permanent location Date last seen Not for loan Date acquired Source of classification or shelving scheme Koha item type Damaged status Lost status Shelving location Withdrawn status Current location Coded location qualifier Full call number
2026-04-15Cagayan State University - Carig Library2026-04-15 2026-04-15 Audio-Visual Materials  E-Resource Section Cagayan State University - Carig LibraryDonations.791.4372

Cagayan State University University Library, Carig Campus
Tuguegarao City, Cagayan 3500 | www.csucarig.edu.ph

Powered by Koha